000 00858nam0a22002651 4500
001 RU\NLR\INFOCOMM_41\5000252695
005 20250613091305.0
035 _a(NLR Aleph) 009101094
090 _a8101777
_c8101777
100 _a20090119d1964 |||y0rusy50 ca
101 0 _aeng
102 _aRU
105 _aa ||||000|y
200 1 _aˆThe ‰beacon banner
_eShort stories about the war of resistance in Vietnam
_fHuu Mai, Nguyen Quang Sang, Tran Thanh Dich [и др.]
_g[Ill. by Phan Ke An]
210 _aΜ.
_cForeign languages publ. house
_d1964
215 _a156 с.
_cил.
_d18 см
300 _aНа обл. авт. не указаны
686 _aЛх2060-45(сб)
_2rubbk
700 0 _aHuu Mai
_4070
702 1 _aPhan Ke An
_4040
801 1 _aRU
_bNLR
_c20090119
801 0 _aRU
_bNLR
_gPSBO
852 _aNLR
_jЛ81 Г-3/228
942 _cBOOK
980 _aNB